Многослойный детектор для оперативной оценки спектрального состава полей нейтронов; Приборы и техника эксперимента; № 3

Podrobná bibliografie
Parent link:Приборы и техника эксперимента/ Российская академия наук.— , 1956-.— 0032-8162
№ 3.— 2002.— с. 14-23
Další autoři: Деденко Г. Л., Кадилин В. В., Каплун А. А., Колесников С. В., Самосадный А. В., Самосадный В. Т.
Jazyk:ruština
Vydáno: 2002
Edice:Техника ядерного эксперимента
Témata:
Médium: MixedMaterials Kapitola
KOHA link:https://koha.lib.tpu.ru/cgi-bin/koha/opac-detail.pl?biblionumber=427048

MARC

LEADER 00000naa2a2200000 4500
001 427048
005 20231101074621.0
035 |a (RuTPU)RU\TPU\prd\86162 
035 |a RU\TPU\prd\9453 
090 |a 427048 
100 |a 20100903a2002 k y0rusy50 ca 
101 0 |a rus 
102 |a RU 
200 1 |a Многослойный детектор для оперативной оценки спектрального состава полей нейтронов  |f Г. Л. Деденко, В. В. Кадилин, А. А. Каплун и др. 
225 1 |a Техника ядерного эксперимента 
320 |a Библиогр.: 8 назв. 
461 1 |0 (RuTPU)RU\TPU\prd\300  |x 0032-8162  |t Приборы и техника эксперимента  |f Российская академия наук  |d 1956- 
463 1 |0 (RuTPU)RU\TPU\prd\86160  |t № 3  |v с. 14-23  |d 2002 
610 1 |a детекторы 
610 1 |a оперативная оценка 
610 1 |a спектры 
610 1 |a поля нейтронов 
610 1 |a измерительно-контрольные комплексы 
610 1 |a метод Монте-Карло 
610 1 |a моноэнергетические нейтроны 
701 1 |a Деденко  |b Г. Л. 
701 1 |a Кадилин  |b В. В. 
701 1 |a Каплун  |b А. А. 
701 1 |a Колесников  |b С. В. 
701 1 |a Самосадный  |b А. В. 
701 1 |a Самосадный  |b В. Т. 
801 1 |a RU  |b 63413507  |c 20021225  |g PSBO 
801 2 |a RU  |b 63413507  |c 20100903  |g RCR 
942 |c BK